000
00230nam a2200097Ia 4500
005
20251222121410.0
008
251222s1900||||xx |||||||||||||| ||spa||
082
_a
DVD0070/A76/2010
245
0
_a
El cisne negro:Black swan
942
_c
DVD
999
_c
2502
_d
2502